000 00304nam a22001217a 4500
008 260530b |||||||| |||| 00| 0 eng d
020 _a 9789381275542
100 _aAr Nārāyaṇan
245 _aPancharatnam
260 _aBangalore
_bPoorna Prajna Samshodhan Trust
_c2017
300 _a372p
942 _2ddc
999 _c1475
_d1475